Galería de españoles célebres contemporáneos : o biografías de todos los personajes distinguidos de nuestros días en las ciencias, en la política, en las armas, en las letras y en las artes : tomo I /

Guardat en:
Dades bibliogràfiques
Autor principal: Pastor Díaz, Nicomedes (autor)
Altres autors: Cárdenas, Francisco de (autor) (autor)
Format: Llibre
Idioma:espanyol
Matèries:
Etiquetes: Afegir etiqueta
Sense etiquetes, Sigues el primer a etiquetar aquest registre!

MARC

LEADER 00000nam^a2200000^a^4500
001 000380812
005 20250526000000.0
009 20260310120620.028
037 |a Acervo Xavier Clavigero 
041 |a ESP 
082 |a 946. 07  |b PAS V. 1 
100 |a Pastor Díaz, Nicomedes  |e (autor) 
240 1 1 |a [Galería de españoles célebres contemporáneos] 
245 1 0 |a Galería de españoles célebres contemporáneos :  |b o biografías de todos los personajes distinguidos de nuestros días en las ciencias, en la política, en las armas, en las letras y en las artes : tomo I /  |c N. Pastor Días, F. de Cárdenas. 
264 |a Madrid, España :  |b Imprenta de Vicente Segura Argüelles,  |c 1852 
300 |a IV, 501 p. ;  |c 20.5 cm. 
336 |a texto  |b txt  |2 rdacontenido 
337 |a sin mediación  |b n  |2 rdamedio 
338 |a volumen  |b nc  |2 rdasoporte 
501 |a Encuadernación particular 
561 |a Ex libris de Bibl. Junioratus San Cayetano 
561 |a Ex libris de Bibl. Iunioratus Coll. Max. Ysletensis, S.J. 
562 |a Falta cubierta 
649 |a XX 
650 |a Escritores Españoles -  |x Biografías 
650 |a Juristas Españoles -  |x Biografías 
650 |a Militares Españoles -  |x Biografías 
650 |a Políticos Españoles -  |x Biografías 
650 |a Filósofos Españoles -  |x Biografías 
650 |a Biografías Españolas 
650 |a España -  |x Historia -  |y Siglo XIX -  |x Tema Principal 
650 |a Argüelles Alvarez, Agustín de 
650 |a Tacónn y Rosique, Miguel 
650 |a Bravo Murillo, Juan 
650 |a Montes de Oca, Manuel 
650 |a Garelli y Battifora, Nicolás María 
650 |a Clemencín y Viñas, Diego 
700 |a Cárdenas, Francisco de  |e (autor) 
910 |a Fondo General 
920 |a Impresos - Libros 
930 |a Libros Antiguos y Raros 
905 |a 108 
901 |a 0500275697  |b IT2  |c LRA  |u 20250526 
902 |a https://opac.biblio.iteso.mx/vufind/Record/000380812